000 01057nam0a2200277 4500
001 RU\NLR\bibl\2020515
005 20250616214604.0
021 _aRU
_b2013-21318
_91502
035 _a(NLR Aleph) 002008751
090 _a4444197
_c4444197
100 _a20130408d2013 |||y0rusy50 ca
101 0 _arus
102 _aRU
105 _ay |||||||||
200 1 _aОдно- и многокубитовые квантовые операции: методические рекомендации по выполнению практических работ
210 _aВладикавказ
_cСОГУ
_d2013
215 _d21
700 1 _4070
_7ca
_8rus
_aАшхотов
_bО. Г.
_f1951-
_gОлег Газизович
_9185035
_3RU\NLR\AUTH\770185086
701 1 _aБлиев
_bА. П.
_4070
701 1 _aМагкоев
_bТ. Т.
_4070
801 0 _aRU
_bNLR
_c20130408
_gRCR
801 1 _aRU
_bNLR
_c20130408
942 _cBOOK
980 _aNB